Repertorio de la jurisprudencia civil española ó compilación completa, metódica y ordenada por órden alfabético de las diversas reglas de jurisprudencia sentadas por el Tribunal Supremo en las decisiones sobre recursos de nulidad, casación é injusticia notoria y en la resolución de las competencias jurisdiccionales (Record no. 181383)

MARC details
000 -LEADER
campo de control de longitud fija 00897nam a2200181 i 4500
001 - NÚMERO DE CONTROL
campo de control 181383
003 - IDENTIFICADOR DE NÚMERO DE CONTROL
campo de control ES-MaACL
005 - FECHA Y HORA DE LA ÚLTIMA TRANSACCIÓN
campo de control 20230906221340.0
008 - DATOS DE LONGITUD FIJA--INFORMACIÓN GENERAL
campo de control de longitud fija 121220s1889 sp | |||||||| | spa d
080 ## - NÚMERO DE LA CLASIFICACIÓN DECIMAL UNIVERSAL
Número de la Clasificación Decimal Universal 347(460)(038)
100 1# - ENTRADA PRINCIPAL--NOMBRE DE PERSONA
Nombre de persona Pantoja, José María.
9 (RLIN) 88825
245 10 - MENCIÓN DEL TÍTULO
Título Repertorio de la jurisprudencia civil española ó compilación completa, metódica y ordenada por órden alfabético de las diversas reglas de jurisprudencia sentadas por el Tribunal Supremo en las decisiones sobre recursos de nulidad, casación é injusticia notoria y en la resolución de las competencias jurisdiccionales
Resto del título apéndice, 1883-1887 /
Mención de responsabilidad, etc. por José María Pantoja.
260 ## - PUBLICACIÓN, DISTRIBUCIÓN, ETC.
Lugar de publicación, distribución, etc. [S.l.] :
Nombre del editor, distribuidor, etc. [s.n.],
Fecha de publicación, distribución, etc. 1889 (
Lugar de fabricación/manufactura Madrid :
Fabricante Imp. de los Hijos de J.A. García)
300 ## - DESCRIPCIÓN FÍSICA
Extensión 325 p. ;
Dimensiones 28 cm.
500 ## - NOTA GENERAL
Nota general Índice.
650 ## - PUNTO DE ACCESO ADICIONAL DE MATERIA--TÉRMINO DE MATERIA
Término de materia o nombre geográfico como elemento de entrada Derecho civil-
Subdivisión geográfica España-
Subdivisión general Jurisprudencia.
9 (RLIN) 11662
852 ## - LOCALIZACIÓN
Ubicación ES-MaACL
Número de control de estantería B-9661
Holdings
Estatus retirado Estado de pérdida Estado de daño No para préstamo Colección Biblioteca de origen Biblioteca actual Ubicación en estantería Fecha de adquisición Total de préstamos Signatura topográfica completa Código de barras Visto por última vez Precio de reemplazo Tipo de ítem Koha
        Libros del s. XIX Biblioteca del Ateneo de Madrid Biblioteca del Ateneo de Madrid Sala Pardo Bazán 20/12/2012   B-9661 1190618 23/02/2023 23/02/2023 Libro impreso antiguo